Cyclisme : Les pays représentés au niveau Continental en 2024 - Statistiques

Statistiques générales
  • Ce quiz a été pris 45 fois
  • Le résultat moyen est 55 sur 86
Statistiques - réponses
Nombre de Coureurs Pays représenté % Correct
103 Belgique
100%
81 France
100%
119 Pays-Bas
100%
33 Espagne
97%
29 États-Unis
97%
61 Royaume-Uni
97%
16 Russie
97%
42 Norvège
95%
114 Allemagne
92%
38 Canada
92%
175 Italie
92%
75 Portugal
92%
17 Suede
92%
68 Australie
90%
11 Brésil
90%
97 Colombie
90%
19 Suisse
90%
3 Argentine
85%
144 Chine
85%
61 Danemark
85%
9 Luxembourg
85%
26 Slovaquie
85%
27 Slovénie
85%
47 Autriche
82%
4 Finlande
82%
99 Japon
82%
10 Irlande
79%
19 Mexique
79%
24 Nouvelle-Zelande
79%
15 Estonie
77%
5 Grèce
77%
17 Hongrie
77%
15 Lituanie
77%
50 Pologne
77%
6 Afrique du Sud
74%
26 Équateur
74%
7 Lettonie
74%
1 Serbie
74%
3 Ukraine
74%
22 Chili
69%
26 Kazakhstan
69%
6 Maroc
69%
53 République Tchèque
69%
3 Biélorussie
67%
13 Érythrée
67%
18 Roumanie
67%
38 Turquie
67%
6 Venezuela
67%
13 Algérie
64%
2 Uruguay
64%
1 Bulgarie
59%
3 Croatie
59%
5 Macédoine
59%
4 Chypre
56%
13 Égypte
56%
1 Monaco
56%
12 Mongolie
56%
69 Corée Du Sud
54%
6 Israël
54%
1 Malte
54%
1 Albanie
51%
1 Bolivie
51%
1 Costa Rica
51%
1 Éthiopie
49%
22 Indonésie
44%
13 Rwanda
44%
3 Iran
41%
13 Ouzbékistan
41%
31 Thaïlande
41%
12 Panama
36%
7 Taïwan
36%
3 Émirats Arabes Unis
33%
3 Azerbaïdjan
31%
1 Laos
31%
1 Arménie
28%
1 Bahreïn
28%
22 Malaisie
26%
1 Ouganda
26%
1 Afghanistan
21%
47 Philippines
18%
1 Angola
15%
2 Hong Kong
15%
1 Porto Rico
15%
1 Grenade
13%
1 Macao
13%
3 Guam
10%
Aucun quiz correspondant
Distribution des résultats
% des personnes avec chaque résultat
Percentile par nombre de réponses
Votre historique - résultats
Vous n’avez pas pris ce quiz